Algemene Kennisquiz #8 - Statistieken

Algemene statistieken
  • Deze quiz is 3.030 keer genomen
  • De gemiddelde score is 8 van 20
Antwoordstatistieken
Vraag Antwoord % Correct
Welke rivier stroomt door Parijs? De Seine
90%
Wanneer was Kortjakje niet ziek? Zondag
88%
Welk land ligt geografisch gezien het dichtst bij de Verenigde Staten, afgezien van Mexico en Canada? Rusland
55%
De naam van welk beroemd cabaret in Parijs betekent "Rode Molen"? Moulin Rouge
54%
Wat is het grootste stadion in het Verenigd Koninkrijk? Wembley Stadium
50%
Wie is de man van Posh Spice? David Beckham
46%
Wat is het Italiaanse woord voor twintig, of de maat groter dan Grande bij de Starbucks? Venti
46%
Wat is de Nederlandse vertaling van het Latijnse woord “Rex”? Koning
41%
Wie strooit 's avonds slaapzand in je ogen, zodat je mooie dromen krijgt? Klaas Vaak
40%
Hoe heette de valuta van Italië voor de euro? De Lire
39%
Wat is de achilleshiel van Superman? Kryptoniet
37%
Wat is 5 faculteit? 120
36%
In welk deel van het lichaam kan een cataract optreden? Oog
33%
Welke beroepsgroep draagt de titel "meester"? Rechten
33%
Wat is de echte naam van Eminem? Marshall Mathers
19%
Wat is de enige Olympische sport waarin geslacht niet uitmaakt, en mannen en vrouwen het direct tegen elkaar op kunnen nemen? Paardensport
18%
Aan welk giftig element werden hoedenmakers in het oude Engeland blootgesteld? Kwik
15%
Welk beroemde document moest Koning Jan (King John) ondertekenen in 1215? Magna Carta
15%
In welk sterrenbeeld, dat op een zandloper lijkt, ligt de ster Betelgeuze? Orion
11%
Als je net als Dorothy het pad van de gele klinkers volgt, waar kom je dan terecht? De stad van {smaragd}
6%
Geen overeenkomende quizzen gevonden
Scoreverdeling
Procent van Mensen met Elke Score
Percentiel versus Aantal Correcte Antwoorden
Uw Scoregeschiedenis
U heeft deze quiz nog niet genomen